What the best college teachers do / (Record no. 1014)

MARC details
000 -LEADER
fixed length control field 00569nam a2200193 ar4500
001 - CONTROL NUMBER
control field 1015
005 - DATE AND TIME OF LATEST TRANSACTION
control field 20221127090106.0
008 - FIXED-LENGTH DATA ELEMENTS--GENERAL INFORMATION
fixed length control field s xxu 00110|eng d
020 ## - INTERNATIONAL STANDARD BOOK NUMBER
International Standard Book Number 0674013255(hpb) :
Terms of availability SR104.00
082 04 - DEWEY DECIMAL CLASSIFICATION NUMBER
Classification number 378.12
Item number B16 2004
100 1# - MAIN ENTRY--PERSONAL NAME
Personal name Bain, Ken.
245 10 - TITLE STATEMENT
Title What the best college teachers do /
Statement of responsibility, etc. Kein Bain.
250 ## - EDITION STATEMENT
Edition statement 1st ed.
260 ## - PUBLICATION, DISTRIBUTION, ETC.
Place of publication, distribution, etc. Cambridge, Mass. ;
-- London :
Name of publisher, distributor, etc. Harvard U. P. ,
Date of publication, distribution, etc. 2004.
300 ## - PHYSICAL DESCRIPTION
Extent 207 p. ;
Dimensions 21 cm.
504 ## - BIBLIOGRAPHY, ETC. NOTE
Bibliography, etc. note Includes bibl. references and index.
650 #4 - SUBJECT ADDED ENTRY--TOPICAL TERM
Topical term or geographic name entry element College teaching.
650 #4 - SUBJECT ADDED ENTRY--TOPICAL TERM
Topical term or geographic name entry element Effective teaching.
Holdings
Withdrawn status Lost status Source of classification or shelving scheme Damaged status Not for loan Home library Current library Date acquired Total Checkouts Full call number Barcode Date last seen Copy number Price effective from Koha item type
              11/27/2022   378.12 B16 2004 1000000011064 11/27/2022 C3 11/27/2022 Book
          CENTRAL CENTRAL 11/27/2022   378.12 B16 2004 1000000000041 11/27/2022 C1 11/27/2022 Book
          CENTRAL CENTRAL 11/27/2022   378.12 B16 2004 1000000003524 11/27/2022 C2 11/27/2022 Book